000 00902nam a22002657a 4500
008 081212t xxu||||| |||| 00| 0beng d
010 _aENG-99086
020 _c395.00
_a9788178242743
020 _c395.00
_a8178242746
035 _aEN-82618
037 _bDBAD / PUB
040 _adpl
_bEnglish
082 _a270.720954
100 _93724
_aJalal, Ayesha
245 _aPartisans of Allah:
_cby Ayesha Jalal
_bJihad in South Asia /
260 _aRanikhet
_bpermanent black
_c2008
270 _bRanikhet
_e263645
_a'Himalayana', Mall Road, Ranikhet cantt,
300 _axvi, 373p.
_c23cm (pbk)
500 _aIncludes index
600 _aBaba Visakha Singh
_xBiography.
_93725
650 _99374
700 _96162
942 _2ddc
_cEN
_mJAL
_h270.720954
999 _c40414
_d40414